Borussia Dortmund Squad 2019-2020 - Statistics

General Stats
  • This quiz has been taken 42 times
  • The average score is 20 of 30
Answer Stats
# Position Nation Player % Correct
7 FW England Jadon Sancho
97%
1 GK Switzerland Roman Bürki
97%
17 FW Norway Erling Haaland
95%
11 FW Germany Marco Reus
92%
5 DF Morocco Achraf Hakimi
89%
6 MF Denmark Thomas Delaney
89%
9 FW Spain Paco Alcácer
86%
23 FW Belgium Thorgan Hazard
86%
16 DF Switzerland Manuel Akanji
84%
32 MF United States Giovanni Reyna
81%
35 GK Switzerland Marwin Hitz
81%
15 DF Germany Mats Hummels
81%
28 MF Belgium Axel Witsel
78%
26 DF Poland Łukasz Piszczek
76%
13 MF Portugal Raphaël Guerreiro
76%
2 DF France Dan-Axel Zagadou
73%
19 MF Germany Julian Brandt
68%
- Coach Switzerland Lucien Favre
68%
10 FW Germany Mario Götze
68%
8 MF Syria Mahmoud Dahoud
65%
27 MF Germany Emre Can
62%
18 DF Argentina Leonardo Balerdi
59%
22 DF Spain Mateu Morey
54%
34 FW Denmark Jacob Bruun Larsen
46%
29 DF Germany Marcel Schmelzer
46%
14 DF Germany Nico Schulz
41%
33 MF Germany Julian Weigl
35%
25 GK Germany Luca Unbehaun
24%
40 GK Germany Eric Oelschlägel
19%
37 MF Germany Tobias Raschl
16%
No matching quizzes found
Score Distribution
Percent of People with Each Score
Percentile by Number Answered
Your Score History
You have not taken this quiz